LEADER 01564nam a2200313 u 4500 001 000000053007 003 CaOOAMICUS 005 20070226115519.0 008 001102s1998 it u000 u fre u 035 $a10860107 040 $aPUL$bita 100 1 $aKhonde, Diulu.$0(OLS)http://pul/name/37739 245 10$aPenitence et reconciliation des religieux selon Arnobe Le Jeune (CA. 450) :$bun essai manqué /$cDiulu Khonde. 260 $aRomae :$b[s.n.],$c1998. 300 $a92 p. ;$c25 cm 490 1 $aPontificium Athenaeum Anselmianum, Pontificium Institutum Liturgicum. Thesis ad lauream ;$v248 500 $a"Dissertatio ad doctoratum consequendum in Sacra Liturgia". 502 $aDiss. -- Pontificio Ateneo S. Anselmo, 1998. 504 $aBibliografia in nota. 600 04$aArnobius Iunior,$dm. 450.$0(OLS)http://pul/subject/10300 650 4$aPenitenza.$0(OLS)http://pul/subject/1449 710 2 $aPontificio Ateneo S. Anselmo.$bPontificio Istituto Liturgico.$kTesi.$0(OLS)http://pul/name/81977 830 0$aTesi di Laurea (Pontificio Ateneo S. Anselmo, Pontificio Istituto Liturgico) ;$v248.$0(OLS)http://pul/title/65684 850 $aPUL 852 $aPUL$W1$xDP1 Tesi Pon. At. S. Anselmo$y29$mTH ANS 418$j69972$nBK-PRI$b $qTesi$B69972$CPULBib$Z2$F69972 $H $81 941 1 $a16 961 $aINV: 82873 996 $6245$aPenitence et reconciliation des religieux selon Arnobe Le Jeune (CA. 450) :$bun essai manqué$9(OLS)http://pul/title/71100 996 $6260$aRomae :$b[s.n.]$9(OLS)http://pul/publisher/48223 LEADER 01786nam a2200373 u 4500 001 000000054802 003 CaOOAMICUS 005 20070226115720.0 008 010108s1962 it c u000 u ita u 035 $a10864895 040 $aPUL(R)$bita 041 1 $aita$hger 100 1 $aFeuerbach, Ludwig Andreas,$d1804-1872.$0(OLS)http://pul/name/12135 245 10$aMaterialismo dialettico e materialismo storico /$cFeuerbach ; Marx ; Engels ; introduzione, traduzione e note a cura di Cornelio Fabro. 250 $a5. ed. 260 $aBrescia :$bLa Scuola editrice,$c1962. 300 $avii, 268 p. :$bant. (ritr.) ;$c21 cm 490 1 $aIl pensiero : classici della filosofia commentati 504 $aBibliografia in nota. 650 4$aMaterialismo storico.$0(OLS)http://pul/subject/7205 650 4$aMaterialismo dialettico.$0(OLS)http://pul/subject/15119 700 1 $aEngels, Friedrich,$d1820-1895.$0(OLS)http://pul/name/7165 700 1 $aMarx, Karl,$d1818-1883.$0(OLS)http://pul/name/35606 700 1 $aFabro, Cornelio,$cc.p.s.,$d1911-1995.$0(OLS)http://pul/name/634 830 3$aIl pensiero : classici della filosofia commentati.$0(OLS)http://pul/title/19956 850 $aPUL 852 $aPUL$W1$xDP1 Altre Collocazioni$y17$mSenza collocazione$j12$nBK-PRI$b $qStampati$B72135$CPULBib$Z2$F72135 $H $81 852 $aPUL$W1$xDP1 Fondo Giannini$y60$m1561 G 13$j72134$nBK-PRI$b $qFondi$B72134$CPULBib$Z2$F72134 $H $81 900 $aMarx, Carlo$935606 941 1 $a1 941 1 $a8 961 $aINV: Fondo Giannini 996 $6245$aMaterialismo dialettico e materialismo storico$9(OLS)http://pul/title/73434 996 $6260$aBrescia :$bLa Scuola editrice$9(OLS)http://pul/publisher/50995